000 00163nam a22000857a 4500
082 _a823
100 _aSAAJAY DHIMA
245 _aMY FIRST BOOK OF VEHICLES
942 _cBK
999 _c8250
_d8250